| 000 | 00665 a2200205 4500 | ||
|---|---|---|---|
| 010 | _aENG-89545 | ||
| 020 |
_a8124415789 _c125.00 |
||
| 035 | _aEN-73078 | ||
| 037 | _bDBAD / PUB | ||
| 082 | 1 | 4 | _a954.33 |
| 090 |
_c11124 _d11124 |
||
| 100 | 1 | _aMenon, A. Sreedhara | |
| 245 | 1 |
_aA survey of Kerala History/ _cby A. Sreedhara Menon |
|
| 260 |
_aKerala _bD.C. Books _c2007 |
||
| 270 |
_aKottayam, Kerala State _bKerala _e686012 _cKerala |
||
| 300 |
_a368p. _c22 cm (pbk) |
||
| 500 | _aIncludes bibliographical references | ||
| 942 |
_adpl _cEN _k954.33/ MEN |
||
| 999 |
_c10819 _d10819 |
||